000 01223nam a22002297a 4500
005 20220219100321.0
008 220216b ||||| |||| 00| 0 eng d
020 _a9780077158958
040 _cAL
041 _aeng
082 _223
_a657.48
_bLIBF
100 _aRobert Libby
_920192
245 _aFinancial Accounting
250 _a8th ed.
260 _aNew York
_bMcGraw Hill
_c2014
300 _axxxix,688,A3,B34,C26,E40,G5,IND18p.
_bPB
_c27.5x22.7cm.
365 _2General
_aABDI/0547/22
_b₹2246.25
_c
_d₹2995.00
_e25%
_f07-02-2022
520 _aThis is NOT the TEXT BOOK. You are buying SOLUTIONS MANUAL for Financial Accounting Global Edition 8th Edition by Libby. Solutions Manual comes in a PDF or Word format and available for download only.Financial Accounting Global Edition 8th Edition Libby Libby Solutions Manual only NO Test Bank for the Text book included on this purchase. If you want the Test Bank please search on the search box. All orders are placed anonymously. Your purchase details will be hidden according to our website privacy and be deleted automatically.
650 _2Accounting
_aFinancial Accounting
_920193
700 _aLibby,Patricia A
_dShort,Daniel G
_920194
942 _2ddc
_cBK
999 _c221517
_d221517